Police investigation : (Record no. 126599)

MARC details
000 -LEADER
fixed length control field 00760nam a22002297a 4500
005 - DATE AND TIME OF LATEST TRANSACTION
control field 20170124110012.0
010 ## - LIBRARY OF CONGRESS CONTROL NUMBER
LC control number B-019026
020 ## - INTERNATIONAL STANDARD BOOK NUMBER
Terms of availability 00.00
International Standard Book Number 8176292079
035 ## - SYSTEM CONTROL NUMBER
System control number B-019026
037 ## - SOURCE OF ACQUISITION
Source of stock number/acquisition Cen Lib/Ret
040 ## - CATALOGING SOURCE
Original cataloging agency DPL
Language of cataloging EN
082 ## - DEWEY DECIMAL CLASSIFICATION NUMBER
Classification number 363.25
Item number SAI
100 ## - MAIN ENTRY--PERSONAL NAME
Personal name Saini, Kamal
9 (RLIN) 17949
245 ## - TITLE STATEMENT
Title Police investigation :
Statement of responsibility, etc by Kamal Saini
Remainder of title procedural dimensions, law and methods /
260 ## - PUBLICATION, DISTRIBUTION, ETC. (IMPRINT)
Place of publication, distribution, etc New Delhi
Name of publisher, distributor, etc Deep and Deep Publications
Date of publication, distribution, etc 2000
270 ## - ADDRESS
Address F-159, Rajouri Garden
City New Delhi
Postal code 110027
300 ## - PHYSICAL DESCRIPTION
Extent xxii,445p.
Dimensions 22cm(Hb)
500 ## - GENERAL NOTE
General note Includes bibliographical reference and index
650 ## - SUBJECT ADDED ENTRY--TOPICAL TERM
Topical term or geographic name as entry element Criminal investigation -- India
9 (RLIN) 17950
650 ## - SUBJECT ADDED ENTRY--TOPICAL TERM
Topical term or geographic name as entry element Criminal investigation
9 (RLIN) 17951
942 ## - ADDED ENTRY ELEMENTS (KOHA)
Source of classification or shelving scheme Dewey Decimal Classification
Koha item type English Books
Classification part 363.25
Call number suffix SAI
Holdings
Withdrawn status Lost status Damaged status Not for loan Home library Current library Date acquired Source of acquisition Cost, normal purchase price Total Checkouts Total Renewals Full call number Barcode Date last seen Date checked out Copy number Cost, replacement price Price effective from Koha item type
        Central Library Central Library 25/06/2015 Cen Lib/Ret 0.00 2 1 363.25 SAI B-019026 13/11/2021 08/11/2021 1 0.00 25/06/2015 English Books

© Delhi Public Library
Hit Counter
free hit counter